000 00287nam a22001337a 4500
008 170405b xxu||||| |||| 00| 0 eng d
020 _a9780073036038
041 _aeng
080 _26 ED
_a574
100 _a9
101 _aSHM
245 _aWORLDS OCEAN
_cDUXBURY.A.C
942 _2udc
_cBK
999 _c9710
_d9710